Η κλασική θεωρία της μουσικής
Αποθηκεύτηκε σε:
| Κύριος συγγραφέας: | |
|---|---|
| Μορφή: | Βιβλίο |
| Γλώσσα: | Greek |
| Δημοσίευση: |
Αθήναι :
Γ.Νάκας,
1985
|
| Θέματα: | |
| Ετικέτες: |
Προσθήκη ετικέτας
Δεν υπάρχουν, Καταχωρήστε ετικέτα πρώτοι!
|
MARC
| LEADER | 00000nam a2200000 i 4500 | ||
|---|---|---|---|
| 001 | 1/75694 | ||
| 008 | 960517s1985 gre d | ||
| 035 | |a 1988 |b 2 |c Αγορά/Τσαφταρίδης |l 10032195 | ||
| 040 | |a GR-MY-UA |b gre |e aacr | ||
| 041 | 0 | |a gre | |
| 082 | 0 | |a 781 | |
| 100 | 1 | |a Διαμαντής, Γιώργος, |d 1942- | |
| 245 | 1 | 2 | |a Η κλασική θεωρία της μουσικής / |c Γιώργος Διαμαντής |
| 260 | |a Αθήναι : |b Γ.Νάκας, |c 1985 | ||
| 300 | |a 107 σ. | ||
| 650 | 0 | 0 | |a Music theory. |
| 852 | |a INST |b RHODES |e 19960517 |h 781 ΔΙΑ |p 005400004052 |q 005400004052 |t BK |y 0 | ||
| 852 | |a INST |b RHODES |e 19960517 |h 781 ΔΙΑ |p 005400004053 |q 005400004053 |t BK |y 0 | ||
| 909 | |a Ρ |b 009816 |c 1988 | ||
| 909 | |a Ρ |b 011601 |c 1988 | ||